| 000 | 01309cam a2200301 a 4500 | ||
|---|---|---|---|
| 001 | 1198559 | ||
| 005 | 20151028110014.0 | ||
| 008 | 980520s1999 nyua b 001 0 eng | ||
| 010 | _a 98025715 | ||
| 020 | _a0415920000 | ||
| 020 | _a0415920019 (pbk.) | ||
| 040 |
_aDLC _cDLC _dDLC |
||
| 043 | _an-us--- | ||
| 050 | 0 | 0 |
_aE185.615 _b.W25 1999 |
| 082 | 0 | 0 |
_a305.8/00973 _221 |
| 100 | 1 |
_aWachtel, Paul L., _d1940- _920608 |
|
| 245 | 1 | 0 |
_aRace in the mind of America : _bbreaking the vicious circle between Blacks and whites / _cPaul L. Wachtel. |
| 260 |
_aNew York : _bRoutledge, _c1999. |
||
| 300 |
_axi, 329 p. : _bill. ; _c24 cm. |
||
| 504 | _aIncludes bibliographical references (p. [287]-321) and index. | ||
| 650 | 0 |
_aRacism _zUnited States _xPsychological aspects. _920609 |
|
| 651 | 0 |
_aUnited States _xRace relations _xPsychological aspects. _920610 |
|
| 856 | 4 | 2 |
_3Publisher description _uhttp://www.loc.gov/catdir/enhancements/fy0651/98025715-d.html |
| 856 | 4 | 2 |
_3Contributor biographical information _uhttp://www.loc.gov/catdir/enhancements/fy1102/98025715-b.html |
| 906 |
_a7 _bcbc _corignew _d1 _eocip _f19 _gy-gencatlg |
||
| 942 |
_2lcc _cMONOGRAPH |
||
| 999 |
_c123633 _d123633 |
||